Lễ hội truyền thống của người Khmer Nam Bộ

में बचाया:
ग्रंथसूची विवरण
मुख्य लेखक: Tiền, Văn Triệu
निगमित लेखक: Hội văn nghệ dân gian Việt Nam
अन्य लेखक: Lâm, Quang Minh
स्वरूप: पुस्तक
भाषा:Vietnamese
प्रकाशित: Hà Nội Khoa học xã hội 2015
विषय:
टैग : टैग जोड़ें
कोई टैग नहीं, इस रिकॉर्ड को टैग करने वाले पहले व्यक्ति बनें!
Thư viện lưu trữ: Trung tâm Học liệu Lê Vũ Hùng, Trường Đại học Đồng Tháp
LEADER 00948aam a22002658a 4500
001 00043816
005 20190315140303.0
008 120403s2007 ||||||viesd
020 # # |c 0  |a 978 604 902 821 2 
041 0 # |a vie 
082 1 4 |a 394.269 597 7  |b L250H 
100 1 # |a Tiền, Văn Triệu 
245 1 0 |c Tiền Văn Triệu; Lâm Quang Minh  |a Lễ hội truyền thống của người Khmer Nam Bộ 
260 # # |a Hà Nội  |b Khoa học xã hội  |c 2015 
300 # # |c 21 cm.  |a 398 tr. 
500 # # |a ĐTTS ghi : Hội văn nghệ dân gian Việt Nam 
653 # # |a Lễ Hội 
653 # # |a Nam Bộ 
653 # # |a Người Khmer 
653 # # |a Văn hóa dân gian 
700 1 # |a Lâm, Quang Minh 
710 # # |a Hội văn nghệ dân gian Việt Nam 
852 # # |j KD.0025494 
910 # # |d 15/3/2019 
980 # # |a Trung tâm Học liệu Lê Vũ Hùng, Trường Đại học Đồng Tháp